<?xml version="1.0" encoding="UTF-8"?>
<collection xmlns="http://www.loc.gov/MARC21/slim">
 <record>
  <leader>01572nam a22001817a 4500</leader>
  <controlfield tag="001">NCT_98601</controlfield>
  <controlfield tag="008">220309b        xxu||||| |||| 00| 0 vie d</controlfield>
  <datafield tag="999" ind1=" " ind2=" ">
   <subfield code="c">4922</subfield>
   <subfield code="d">4922</subfield>
  </datafield>
  <datafield tag="082" ind1="0" ind2="4">
   <subfield code="2">23rd ed.</subfield>
   <subfield code="a">346</subfield>
   <subfield code="b">C101V</subfield>
  </datafield>
  <datafield tag="245" ind1="0" ind2="0">
   <subfield code="a">Các văn bản pháp quy = </subfield>
   <subfield code="b">Legal documents</subfield>
   <subfield code="n">Số 48</subfield>
   <subfield code="c">Bộ công thương. Trung tâm Thông tin Công nghiệp và thương mại</subfield>
  </datafield>
  <datafield tag="260" ind1=" " ind2=" ">
   <subfield code="a">H.</subfield>
   <subfield code="b">Bộ công thương. Trung tâm Thông tin Công nghiệp và thương mại</subfield>
   <subfield code="c">2018</subfield>
  </datafield>
  <datafield tag="300" ind1=" " ind2=" ">
   <subfield code="c">29cm</subfield>
  </datafield>
  <datafield tag="362" ind1=" " ind2=" ">
   <subfield code="a">12/2018</subfield>
  </datafield>
  <datafield tag="520" ind1="3" ind2=" ">
   <subfield code="a">Trong số này quy định về Sửa đổi, bổ sung quy định về điều kiện kinh doanh trong lĩnh vực hàng hải; Thực hiện chứng nhận xuất xứ hàng hóa theo chế độ ưu đãi thuế quan phổ cập; Kiểm tra, xác minh xuất xứ hàng hóa xuất khẩu; Danh mục sản phẩm an toàn thông tin mạng nhập khẩu theo Giấy phép và trình tự, thủ tục, hồ sơ cấp Giấy phép nhập khẩu sản phẩm an toàn thông tin mạng; Sửa đổi, bổ sung hướng dẫn thực hiện chính sách tín dụng phục vụ phát triển nông nghiệp nông thôn; Hiệu lực pháp luật và văn bản liên quan.</subfield>
  </datafield>
  <datafield tag="655" ind1=" " ind2=" ">
   <subfield code="a">Tạp chí</subfield>
  </datafield>
  <datafield tag="942" ind1=" " ind2=" ">
   <subfield code="2">ddc</subfield>
   <subfield code="c">CR</subfield>
  </datafield>
  <datafield tag="952" ind1=" " ind2=" ">
   <subfield code="0">0</subfield>
   <subfield code="1">0</subfield>
   <subfield code="2">ddc</subfield>
   <subfield code="4">0</subfield>
   <subfield code="6">346_000000000000000_C101V</subfield>
   <subfield code="7">0</subfield>
   <subfield code="9">22344</subfield>
   <subfield code="a">000001</subfield>
   <subfield code="b">000001</subfield>
   <subfield code="d">2022-03-11</subfield>
   <subfield code="o">346 C101V</subfield>
   <subfield code="r">2022-03-11</subfield>
   <subfield code="w">2022-03-11</subfield>
   <subfield code="y">CR</subfield>
  </datafield>
  <datafield tag="980" ind1=" " ind2=" ">
   <subfield code="a">Thư viện Trường Đại học Nam Cần Thơ</subfield>
  </datafield>
 </record>
</collection>
